شرح القانون المدني العقود المسماة : (رقم التسجيلة. 144701)

تفاصيل مارك
000 -الفاتح
عناصر البيانات ثابتة الطول 00811cam a2200205 i 4500
005 - تاريخ ووقت آخر معاملة
حقل ضبط 20260125113930.0
008 - عناصر البيانات ثابتة الطول
عناصر البيانات ثابتة الطول 250721s2023 jo gr 000 0 ara d
020 ## - الترقيم الدولي المعياري للكتب (ردمك)
الترقيم الدولي المعياري للكتب (ردمك) 9789957164584
082 14 - رقم تصنيف ديوي العشري
رقم التصنيف 346.02
رقم المادة س ر ح
100 1# - مدخل رئيسي – اسم شخصي
الاسم الشخصي السرحان، عدنان ابراهيم
علاقة الشخص بالعمل/ دوره مؤلف.
245 10 - بيان العنوان
العنوان شرح القانون المدني العقود المسماة :
بقية العنوان المقاولة. الوكالة. الكفالة /
بيان المسؤولية الأستاذ الدكتور عدنان إبراهيم السرحان.
250 ## - بيان الطبعة
بيان الطبعة الطبعة السابعة.
264 31 - بيانات النشر، التوزيع…إلخ
مكان النشر، التوزيع...إلخ عمان :
اسم الناشر، الموزع...إلخ دار الثقافة للنشر و التوزيع،
تاريخ النشر، التوزيع...إلخ 2023.
300 ## - الوصف المادي
عدد الوحدات المكونة للوعاء 302 صفحة.
650 17 - مدخل إضافي بالموضوع - مصطلح موضوعي
مصطلح موضوعي أو اسم جغرافي كعنصر مدخل القانون.
650 17 - مدخل إضافي بالموضوع - مصطلح موضوعي
مصطلح موضوعي أو اسم جغرافي كعنصر مدخل العقود.
650 17 - مدخل إضافي بالموضوع - مصطلح موضوعي
مصطلح موضوعي أو اسم جغرافي كعنصر مدخل الالتزامات.
942 ## - بيانات إضافية (كوها)
نوع التنصيف Dewey Decimal Classification
نوع المادة (كوها) كتب
المقتنيات
حالة السحب حالة الفقدان مصدر التصنيف حالة التلف غير قابل للإعارة المكتبة الرئيسية المكتبة الحالية موقع الرف تاريخ التزويد الرقم المتسلسل Total Checkouts رقم الإستدعاء الباركود تاريخ آخر ظهور تاريخ الفاتورة نوع المادة (كوها)
    Dewey Decimal Classification     المكتبة المركزية المكتبة المركزية الإعارة 28/07/2025 1779511   346.02 / س ر ح PLD00504826 28/07/2025 28/07/2025 كتب
    Dewey Decimal Classification     مكتبة أبو علندا العامة مكتبة أبو علندا العامة الإعارة 31/07/2023 1779518   346.02/سرح PLD00504946 28/07/2025 31/07/2023 كتب
    Dewey Decimal Classification     مكتبة أم قصير والمقابلين العامة مكتبة أم قصير والمقابلين العامة الإعارة 31/07/2023 1779515   346.02/سرح PLD00504943 28/07/2025 31/07/2023 كتب
Withdrawn   Dewey Decimal Classification     مكتبة الاميرة بديعة مكتبة الاميرة بديعة الإعارة 31/07/2023 1779516   346.02/سرح PLD00504944 28/07/2025 31/07/2023 كتب
    Dewey Decimal Classification     مكتبة الجويدة مكتبة الجويدة الإعارة 31/07/2023 1779519   346.02/سرح PLD00504947 28/07/2025 31/07/2023 كتب
    Dewey Decimal Classification     مكتبة الحسن العامة مكتبة الحسن العامة الإعارة 31/07/2023 1779517   346.02/سرح PLD00504945 28/07/2025 31/07/2023 كتب
    Dewey Decimal Classification     مكتبة حمزة العامة مكتبة حمزة العامة الإعارة 31/07/2023 1779520   346.02/سرح PLD00504948 28/07/2025 31/07/2023 كتب
    Dewey Decimal Classification     مكتبة صويلح العامة مكتبة صويلح العامة الإعارة 31/07/2023 1779513   346.02/سرح PLD00504941 28/07/2025 31/07/2023 كتب
    Dewey Decimal Classification     مكتبة وادي السير العامة مكتبة وادي السير العامة الإعارة 31/07/2023 1779512   346.02/سرح PLD00504940 28/07/2025 31/07/2023 كتب
Implemented & Customized by: BBB with SCIT (Smart Chains for Information Technology)

Powered by Koha